Will of D's (One Piece) - Statistics

General Stats
  • This quiz has been taken 4,117 times
  • The average score is 7 of 9
Answer Stats
Answer % Correct
Monkey D. Luffy
99%
Monkey D. Dragon
89%
Gol D. Roger
88%
Monkey D. Garp
88%
Portgas D. Ace
76%
Trafalgar D. Water Law
74%
Marshall D. Teach
69%
Portgas D. Rouge
48%
Jaguar D. Saul
39%
No matching quizzes found
Score Distribution
Percent of People with Each Score
Percentile by Number Answered
Your Score History
You have not taken this quiz